Becoming a digital library /
Guardado en:
| Otros Autores: | |
|---|---|
| Formato: | Libro |
| Idioma: | English |
| Publicado: |
New York :
Marcel Dekker,
c2004.
|
| Series: | Books in library and information science ;
v. 63 |
| Materias: | |
| Acceso en línea: | Descripción |
| Etiquetas: |
Agregar Etiqueta
Sin Etiquetas, Sea el primero en etiquetar este registro!
|
| LEADER | 01142cam a22002895a 4500 | ||
|---|---|---|---|
| 001 | EIQ.libpla003793 | ||
| 008 | 031021s2004####nyua#####b####001#0#eng#d | ||
| 005 | 20080317193344.0 | ||
| 245 | 0 | 0 | |a Becoming a digital library / |c edited by Susan J. Barnes. |
| 260 | |a New York : |b Marcel Dekker, |c c2004. | ||
| 300 | |a xx, 234 p. : |b il. ; |c 24 cm. | ||
| 440 | 0 | |a Books in library and information science ; |v v. 63 | |
| 504 | |a Incluye referencias bibliográficas e índice. | ||
| 020 | |a 0824709667 (alk. paper) | ||
| 700 | 1 | |a Barnes, Susan J., |d 1953-, |e ed. |4 edt | |
| 043 | |a n-us-ny | ||
| 082 | 0 | 0 | |a 025/.00285 |2 22 |
| 650 | 4 | |a Bibliotecas digitales |x Administración. | |
| 650 | 4 | |a Bibliotecas digitales |x Estudio de casos. | |
| 650 | 4 | |a Bibliotecas digitales |x Biblioteca Albert R. Mann. | |
| 650 | 4 | |a Digital libraries |x Administration. | |
| 650 | 4 | |a Digital libraries |x Case studies. | |
| 650 | 4 | |a Digital libraries |x Albert R. Mann Library. | |
| 010 | |a 2003063383 | ||
| 040 | |a DLC |c DLC |d AR-BbSID | ||
| 856 | 4 | 2 | |3 Descripción |u http://www.loc.gov/catdir/enhancements/fy0647/2003063383-d.html |
| 859 | |a AR-BbSID |b BIB. PLAPIQUI |h 025.002 85 |i B 388 |p 5726 | ||
